Bồi dưỡng nghiệp vụ sư phạm đội ngũ giảng viên trường Cao đẳng

Trình bày lý luận và tổng quan về bồi dưỡng nghiệp vụ sư phạm đội ngũ giảng viên trường cao đẳng; thực trạng, định hướng phát triển và giải pháp bồi dưỡng nghiệp vụ sư phạm giảng viên trường cao đẳng vùng Đồng bằng Sông Cửu Long...

Full description

Saved in:
Bibliographic Details
Main Author: Phan, Thị Thùy Trang
Format: Book
Language:Undetermined
Published: Cần Thơ Nxb. Đại học Cần Thơ 2020
Subjects:
Tags: Add Tag
No Tags, Be the first to tag this record!
Institutions: Trung tâm Học liệu Trường Đại học Cần Thơ
LEADER 01067nam a2200205Ia 4500
001 CTU_237364
008 210402s9999 xx 000 0 und d
020 |c 120000 
082 |a 378.17 
082 |b Tr106 
100 |a Phan, Thị Thùy Trang 
245 0 |a Bồi dưỡng nghiệp vụ sư phạm đội ngũ giảng viên trường Cao đẳng 
245 0 |c Phan Thị Thùy Trang, Phạm Phương Tâm (Chủ biên) 
260 |a Cần Thơ 
260 |b Nxb. Đại học Cần Thơ 
260 |c 2020 
520 |a Trình bày lý luận và tổng quan về bồi dưỡng nghiệp vụ sư phạm đội ngũ giảng viên trường cao đẳng; thực trạng, định hướng phát triển và giải pháp bồi dưỡng nghiệp vụ sư phạm giảng viên trường cao đẳng vùng Đồng bằng Sông Cửu Long 
650 |a Phương pháp giảng dạy,Teaching methods 
910 |b nthai 
980 |a Trung tâm Học liệu Trường Đại học Cần Thơ